000 00852nam a2200265 i 4500
001 12130
003 ES-MaACL
005 20250813055708.0
007 t|
008 970414s1996 sp ||||1| spa d
020 _a84-7248-342-8
080 _a929 Pedro (460.18) I
080 _a946.018"1350/69"
100 1 _aGarcía Toraño, Paulino.
_955333
245 1 3 _aEl rey don Pedro "el Cruel" y su mundo /
_cPaulino García Toraño.
260 _aMadrid :
_bMarcial Pons,
_c1996.
300 _a561 p. :
_bil. ;
_c24 cm.
490 1 _aHumanidades. Historia
504 _aBibliografía.
600 0 4 _aPedro
_bI,
_cRey de Castilla
_989923
651 _aCastilla (Reino)-
_xHistoria-
_y1350-1369, Pedro I.
_9173034
830 0 0 _aHumanidades (Taurus).
_pHistoria
_9177933
852 _aES-MaACL
_jL-19458
_bR.125713
999 _c12130
_d12130